000 00351nam a2200145Ia 4500
008 231217s9999 xx 000 0 und d
041 _aEnglish
082 _a621.31 YOG;6
100 _aYoganarasimhan, B N
245 0 _aElectrical sciences
260 _c1997
_bShiva Book Centre
300 _a529
650 _aElectrical sciences
942 _cAA
999 _c165362
_d165362